000 00841nam a22002537a 4500
001 46799
003 UA-OsUOA
005 20220621204249.0
007 ta
008 20120511b un ||||| |||| 00| 0 ukr d
040 _aUA-OsUOA
_bukr
_cUA-OsUOA
_dUA-OsUOA
041 _aukr
080 _a27(477)
090 _a27(477)
_bИ99
100 _aІларіон
245 _aУкраїнська церква
_bнариси з історії української православної церкви
260 _aВінніпег
_c1982
300 _a366 с.
650 7 _a27 Загальна історія Християнської церкви
_2UDC
942 _cBK
_2udc
955 _a4
999 _c426901
_d426901